| 000 | 00594nam a2200169 4500 | ||
|---|---|---|---|
| 001 | 133268 | ||
| 003 | ES-MaACL | ||
| 005 | 20230906194348.0 | ||
| 007 | t| | ||
| 008 | 070214s1967 sp r ||||1| spa d | ||
| 100 | 1 |
_aRostovtzeff, Michael Ivanovitch. _999926 |
|
| 245 | 1 | 0 |
_aHistoria social y económica del mundo helenístico / _cMichael Ivanovitch Rostovtzeff ; traducción de Francisco José Presedo Velo. |
| 260 |
_aMadrid : _bEspasa Calpe, _c1967. |
||
| 300 |
_a2 v., 170 lám. ; _c23 cm. |
||
| 700 | 1 |
_aPresedo, Francisco ( _d1923-2000) _993779 |
|
| 852 |
_aES-MaACL _jC-33738-9 _bR.64643 |
||
| 999 |
_c133268 _d133268 |
||